Bee Swarm Simulator Quiz - Statistics

General Stats
  • This quiz has been taken 126 times
  • The average score is 2 of 5
Answer Stats
Hint Answer % Correct
which hive color gives the most honey white
94%
what weapon is better porcelain dipper or honey dipper porcelain dipper
77%
what weapon is better tidepole popper or petal wand tidepole popper
57%
what is jackaxolotl's favorite bee tadpole bee
9%
what is petal wand's passive ability launching a petal shuriken
0%
No matching quizzes found
Score Distribution
Percent of People with Each Score
Percentile by Number Answered
Your Score History
You have not taken this quiz